000 00779nam a2200289Ia 4500
005 20260324151045.0
008 008 260324s9999 xx 000 0 eng d
020 _a9780203068908
037 _aEBOOK
040 _aCRL
040 _beng
040 _cCRL
041 _2eng
041 _aeng
084 _qCRL
100 _aE. A. Budge
_91227933
245 2 _aA History of Egypt from the End of the Neolithic Period to the Death of Cleopatra VII B.C. 30 (Routledge Revivals)
245 0 _bVol. III: Egypt Under the Amenemhāts and Hyksos
260 _bTaylor and Francis
260 _c1902
365 _a
365 _b240
856 _uhttp://www.taylorfrancis.com/books/9780203068908
942 _cEBOOK
999 _c1839051
_d1839051